00327nam a2200121Ia 4500008004100000041000800041082001500049100002200064245004400086260003700130300003100167365000700198240624s9999 xx 000 0 und d aeng a005.74 MOH aMOHANTY SOUMENDRA aDATA WAREHOUSING DESIGN DEVELOPMENT AND c2006aNew DelhibTata McGrawhill axix, : 373 : p. : cm. ; 24 cRS